书目信息 |
| 书名: | The everything human resource management book | |
| 作者: | Sharon Anne Waldrop. | |
| 分册号: | [electronic resource] : | |
| 分册名: | 出版地: | Avon, Mass. : |
|
| 出版社: | Adams Media | |
| 出版时间: | c2008 | |
| 页数: | 292P | |
| 开本: | 23CM | |
| 丛书名: | ||
| 中图分类号: | ||
| 科图分类号: | ||
| 其他分类号: | F323.6 | |
| 主题词: | ||
| 电子资源: | ||
| 000 | 00886nam 2200229 a 450 | |
| 001 | 202012000589 | |
| 005 | 20121107162849.0 | |
| 008 | 090212s2008 maua sb 001 0 eng d | |
| 020 | @a9781598696240@c$14.95@z9781598696240 | |
| 099 | @dF323.6@eS5316 | |
| 110 | 1 | @aBooks24x7, Inc. |
| 245 | 14 | @aThe everything human resource management book@h[electronic resource] :@battract and keep the people who will drive your company's success /@cSharon Anne Waldrop. |
| 246 | 30 | @aHuman resource management book. |
| 260 | @aAvon, Mass. :@bAdams Media,@cc2008@e(Norwood, Mass. :@fBooks24x7.com [generator]) | |
| 300 | @a292P@c23CM | |
| 490 | 1 | @aAn everything series book. |
| 500 | @aTitle from title screen. | |
| 504 | @aIncludes bibliographical references and index. | |
| 516 | @aText. | |
| 773 | 0 | @tBooks24x7. BusinessPro. |
| 830 | 0 | @aEverything series. |
| 905 | @aTSG@b8723-5@dF323.6@eS5316 | |
| The everything human resource management book [[electronic resource] :] : attract and keep the people who will drive your company's success / / Sharon Anne Waldrop.-Avon, Mass. : : Adams Media, , c2008 ((Norwood, Mass. : : Books24x7.com [generator])). |
| 292P ; 23CM.- (An everything series book.) |
| Title from title screen.-Includes bibliographical references and index.-Text. |
| ISBN 9781598696240$14.95 |
| ● |
| 相关链接 |
|
|
|
正题名:everything human resource management boo
索取号:F323.6/S5316
 
预约/预借
| 序号 | 登录号 | 条形码 | 馆藏地/架位号 | 状态 | 备注 |
| 1 | 8723 | 300087233 | 社科库409/409社科库 117排2列1层/ [索取号:F323.6/S5316] | 在馆 | |
| 2 | 8724 | 300087242 | 社科库409/409社科库 117排2列1层/ [索取号:F323.6/S5316] | 在馆 | |
| 3 | 8725 | 300087251 | 社科库409/409社科库 117排2列1层/ [索取号:F323.6/S5316] | 在馆 |